Métodos y técnicas de investigación para las ciencias sociales

সংরক্ষণ করুন:
গ্রন্থ-পঞ্জীর বিবরন
প্রধান লেখক: Briones, Guillermo (Author)
বিন্যাস: গ্রন্থ
ভাষা:স্প্যানিশ
প্রকাশিত: Ciudad de México Trillas 1998
সংস্করন:3a. ed
বিষয়গুলি:
ট্যাগগুলো: ট্যাগ যুক্ত করুন
কোনো ট্যাগ নেই, প্রথমজন হিসাবে ট্যাগ করুন!

MARC

LEADER 00000nam a2200000 a 4500
001 UCP6065
003 CL-VaPUC
008 991008e19980000MX |||||||||||||||||spa|d
082 0 4 |a 300.72  |b BRI  |2 21 
100 0 |a Briones, Guillermo  |e author  |9 434880 
245 1 0 |a Métodos y técnicas de investigación para las ciencias sociales 
250 |a 3a. ed 
300 |a 368 p 
942 |c BK 
945 |d 19991008 00:00:00  |a rbrito 
260 |a Ciudad de México  |b Trillas  |c 1998 
650 0 |a Ciencias sociales   |9 256351 
650 0 |a Ciencias sociales  |v Investigación  |9 307767 
650 0 |a Métodos de investigación   |9 262618 
583 |a last modification  |c 20160928 09:50:33  |k Rodrigo Vera 
999 |c 283689  |d 283687 
952 |0 0  |1 0  |4 0  |6 300_720000000000000_BRI_1998  |7 0  |8 A  |9 327089  |a BIBENE  |b BIBENE  |d 2019-11-20  |i 321110K  |o 300.72 BRI 1998  |p 321110K  |r 2025-01-15  |w 2019-11-20  |y BK  |k ICO 
952 |0 0  |1 0  |4 0  |6 300_720000000000000_BRI_1998  |7 0  |8 A  |9 327090  |a BIBEDU  |b BIBEDU  |d 2019-11-20  |i 3569411  |o 300.72 BRI 1998  |p 3569411  |r 2019-11-20  |w 2019-11-20  |y BK  |k PSI